LEADER 01186cam0-2200361---450- 001 990004610520403321 005 20081121111115.0 010 $a3-484-52191-0 035 $a000461052 035 $aFED01000461052 035 $a(Aleph)000461052FED01 035 $a000461052 100 $a19990604d1984----km-y0itay50------ba 101 0 $ager 102 $aDE 105 $ay-------001yy 200 1 $aDialektometrische Studien$eAnhand italoromanischer, rätoromanischer und galloromanischer Sprachmaterialien aus AIS und ALF$fHans Goebl$gunter Mitarbeit von Siegfried Selberherr Wolf-Dieter Rase und Hilmar Pudlatz 210 $aTübingen$cNiemeyer$d1984 215 $a3 v.$d24 cm 225 1 $aBeihefte zur Zeitschrift für romanische Philologie$v191$v192$v193 610 0 $aLingue romanze$aDialetti 676 $a447 700 1$aGoebl,$bHans$0183004 702 1$aPudlatz,$bHilmar 702 1$aRase,$bWolf-Dieter 702 1$aSelberherr,$bSiegfried 801 0$aIT$bUNINA$gRICA$2UNIMARC 901 $aBK 912 $a990004610520403321 952 $a447 GOE 1(1-3)$bBibl.58545$fFLFBC 959 $aFLFBC 996 $aDialektometrische Studien$9551603 997 $aUNINA LEADER 01159nam0-22003971i-450 001 990003792630403321 005 20200624125351.0 010 $a88-06-13027-7 035 $a000379263 035 $aFED01000379263 035 $a(Aleph)000379263FED01 035 $a000379263 100 $a20110831d1992----km-y0itay50------ba 101 0 $aita 102 $aIT 105 $aa-------001yy 200 1 $aDizionario di etologia$fdirezione [di] Danilo Mainardi$gredazione [di] Anna Maria Farcito, Luciano Lovera$g[disegni di Cristina Girard] 210 $aTorino$cEinaudi$dc1992 215 $axvi, 868 p.$cfig.$d20 cm 225 1 $aPiccoli dizionari Einaudi$v2 610 0 $aEtologia$aEnciclopedie e dizionari 610 0 $aEtologia 676 $a591.510 3 676 $a591.503$v23$zita 702 1$aMainardi,$bDanilo 801 0$aIT$bUNINA$gRICA$2UNIMARC 901 $aBK 912 $a990003792630403321 952 $aA / MAI 2$b6036$fBFS 952 $aIV C 275$b10883$fDMVSF 952 $a60 591.503 MAID 1992$b3681$fFAGBC 959 $aBFS 959 $aDMVSF 959 $aFAGBC 996 $aDizionario di etologia$9202673 997 $aUNINA LEADER 03419 am 2200757 n 450 001 9910318336103321 005 20180328 010 $a2-7535-5775-6 024 7 $a10.4000/books.pur.52427 035 $a(CKB)4100000007992630 035 $a(FrMaCLE)OB-pur-52427 035 $a(oapen)https://directory.doabooks.org/handle/20.500.12854/56684 035 $a(PPN)267957440 035 $a(EXLCZ)994100000007992630 100 $a20190418j|||||||| ||| 0 101 0 $afre 135 $auu||||||m|||| 181 $ctxt$2rdacontent 182 $cc$2rdamedia 183 $acr$2rdacarrier 200 13$aLe portrait $eChamp d'expérimentation /$fFernando Copello, Aurora Delgado-Richet 210 $aRennes $cPresses universitaires de Rennes$d2018 215 $a1 online resource (353 p.) 311 $a2-7535-2785-7 330 $aLieu de convergence d'arts variés (littérature, peinture, sculpture, gravure.), le portrait est décliné de manières diverses qui vont de la caricature à la parodie, de la représentation réaliste à la plus pure démarche imaginative. Espace de soi-même ou de l'autre, miroir ou reflet, la poétique du portrait naît d'un acte expérimental qui forme ou déforme des figures dans un contexte de papier, de paroles et de couleurs. Le portrait sera plutôt physique, plutôt social, plutôt moral, sans que des frontières précises puissent être établies. À des époques diverses et dans des buts divers, des créateurs se sont essayés à cette manière d'accorder une forme à l'être, forme dont les contours donnent à voir, au-delà de son apparence, quelque chose de l'essence de l'objet portraituré. Ce volume est le résultat de deux ans de travail au sein du Labo 3L.AM (Angers et Le Mans) dans un séminaire dirigé par Fernando Copello et Aurora Delgado-Richet. 517 $aportrait 606 $aLiterary Theory & Criticism 606 $aportrait 606 $asémiotique 610 $aportrait 610 $asémiotique 615 4$aLiterary Theory & Criticism 615 4$aportrait 615 4$asémiotique 700 $aAlonso Rey$b María Dolores$01321272 701 $aBarbaud$b Thierry$01321273 701 $aBergmans$b Luc$01321274 701 $aBruley$b Pauline$01284196 701 $aCivil$b Pierre$0176249 701 $aContamina$b Sandra$01321275 701 $aCopello$b Fernando$01282636 701 $aDelgado-Richet$b Aurora$01321276 701 $aDor$b Laïli$01291695 701 $aFisbach$b Erich$01314481 701 $aGimbert$b Anne$01321277 701 $aHeuzé$b Philippe$0405331 701 $aHornedo$b Ana Cecilia$01321278 701 $aJeanneret$b Michel$0213833 701 $aLetourneur$b Marina$01321279 701 $aLoizeau$b Pierre-Marie$01094973 701 $aLonghi$b Maria-Giulia$0185342 701 $aLorenzo-Martin$b Lorenzo$01321280 701 $aMicheron-Hue$b Cécile$01321281 701 $aMichon$b Cédric$01282534 701 $aNeyrod$b Dominique$01321282 701 $aPuech$b Anne$01321283 701 $aSoccard$b Sophie$01321284 701 $aValverde$b Lucie$01304861 701 $aZvereva$b Alexandra$01309214 701 $aCopello$b Fernando$01282636 701 $aDelgado-Richet$b Aurora$01321276 801 0$bFR-FrMaCLE 906 $aBOOK 912 $a9910318336103321 996 $aLe portrait$93034561 997 $aUNINA LEADER 07155oam 22014414 450 001 9910961803103321 005 20250426110834.0 010 $a9786612844911 010 $a9781462387038 010 $a1462387039 010 $a9781452752075 010 $a1452752079 010 $a9781282844919 010 $a1282844911 010 $a9781451941715 010 $a1451941714 035 $a(CKB)3170000000055331 035 $a(SSID)ssj0000940034 035 $a(PQKBManifestationID)11571937 035 $a(PQKBTitleCode)TC0000940034 035 $a(PQKBWorkID)10947345 035 $a(PQKB)11243732 035 $a(OCoLC)694140986 035 $a(IMF)WPIEE2009253 035 $a(MiAaPQ)EBC1605925 035 $a(IMF)WPIEA2009253 035 $aWPIEA2009253 035 $a(EXLCZ)993170000000055331 100 $a20020129d2009 uf 0 101 0 $aeng 135 $aurcn||||||||| 181 $ctxt 182 $cc 183 $acr 200 10$aAdding Indonesia to the Global Projection Model /$fRoberto Garcia-Saltos, Douglas Laxton, Michal Andrle, Haris Munandar, Charles Freedman, Danny Hermawan 205 $a1st ed. 210 1$aWashington, D.C. :$cInternational Monetary Fund,$d2009. 215 $a57 p. $cill 225 1 $aIMF Working Papers 300 $a"November 2009." 311 08$a9781451918144 311 08$a1451918143 327 $aIntro -- Contents -- I. Introduction -- A. Background -- B. A Brief Outline of Indonesian Economic Developments Over The Sample Period -- II. Benchmark Model -- A. Background -- B. The Specification of The Model -- B.1 Observable variables and data definitions -- B.2 Stochastic processes and model definitions -- B.3 Behavorial equations -- B.4 Cross correlations of disturbances -- III. Extending the Model to Include Financial-Real Linkages -- A. Background -- B. Model Specication Incorporating the US Bank Lending TighteningVariable -- V. Confronting the Model with the Data -- A. Bayesian Estimation -- B. Results -- B.1 Estimates of coeficients -- B.2 Estimates of standard deviation of structural shocks and cross correlations -- B.3 RMSEs -- B.4 Impulse response functions -- VI. Concluding Remarks -- IV. Modifications of the Model for the Indonesian Economy -- References -- Appendix: GPM Data Definitions -- Figures -- 1. Indonesia - Historical Data [1] -- 2. Indonesia - Historical Data [2] -- 3. Indonesia - Historical Data [3] -- 4. Comparison CDS Emerging Countries -- 5. Indonesia Historical Inflation Graph -- 6. Domestic Demand Shock -- 7. Domestic Price Shock -- 8. Domestic Interest Rate Shock -- 9. Domestic Real Exchange Rate Shock -- 10. Shock to the Domestic Target Rate of Inflation -- 11. Demand Shock in the US -- 12. BLT Shock in the US -- Tables -- 1. Results from Posterior Maximization -- 2. Results from Posterior Parameters (standard deviation of structural shocks) -- 3. Results from Posterior Parameters (correlation of structural shocks) -- 4. Root Mean Squared Errors. 330 3 $aThis is the fifth of a series of papers that are being written as part of a larger project to estimate a small quarterly Global Projection Model (GPM). The GPM project is designed to improve the toolkit to which economists have access for studying both own-country and cross-country linkages. In this paper, we add Indonesia to a previously estimated small quarterly projection model of the US, euro area, and Japanese economies. The model is estimated with Bayesian techniques, which provide a very efficient way of imposing restrictions to produce both plausible dynamics and sensible forecasting properties. 410 0$aIMF Working Papers; Working Paper ;$vNo. 2009/253 606 $aEconomic forecasting$zIndonesia$xEconometric models 606 $aEconomic forecasting$zUnited States$xEconometric models 606 $aEconomic forecasting$zEurope$xEconometric models 606 $aEconomic forecasting$zJapan$xEconometric models 606 $aInflation (Finance)$zIndonesia$xEconometric models 606 $aInflation (Finance)$zUnited States$xEconometric models 606 $aInflation (Finance)$zEurope$xEconometric models 606 $aInflation (Finance)$zJapan$xEconometric models 606 $aMonetary policy$zIndonesia$xEconometric models 606 $aMonetary policy$zUnited States$xEconometric models 606 $aMonetary policy$zEurope$xEconometric models 606 $aMonetary policy$zJapan$xEconometric models 606 $aBanks and Banking$2imf 606 $aCurrency$2imf 606 $aDeflation$2imf 606 $aEconomic theory$2imf 606 $aFinance$2imf 606 $aForeign Exchange$2imf 606 $aForeign exchange$2imf 606 $aInflation$2imf 606 $aInterest rates$2imf 606 $aInterest Rates: Determination, Term Structure, and Effects$2imf 606 $aMacroeconomics$2imf 606 $aMacroeconomics: Production$2imf 606 $aOutput gap$2imf 606 $aPrice Level$2imf 606 $aPrices$2imf 606 $aProduction and Operations Management$2imf 606 $aProduction$2imf 606 $aReal exchange rates$2imf 606 $aReal interest rates$2imf 606 $aShort term interest rates$2imf 607 $aUnited States$2imf 615 0$aEconomic forecasting$xEconometric models. 615 0$aEconomic forecasting$xEconometric models. 615 0$aEconomic forecasting$xEconometric models. 615 0$aEconomic forecasting$xEconometric models. 615 0$aInflation (Finance)$xEconometric models. 615 0$aInflation (Finance)$xEconometric models. 615 0$aInflation (Finance)$xEconometric models. 615 0$aInflation (Finance)$xEconometric models. 615 0$aMonetary policy$xEconometric models. 615 0$aMonetary policy$xEconometric models. 615 0$aMonetary policy$xEconometric models. 615 0$aMonetary policy$xEconometric models. 615 7$aBanks and Banking 615 7$aCurrency 615 7$aDeflation 615 7$aEconomic theory 615 7$aFinance 615 7$aForeign Exchange 615 7$aForeign exchange 615 7$aInflation 615 7$aInterest rates 615 7$aInterest Rates: Determination, Term Structure, and Effects 615 7$aMacroeconomics 615 7$aMacroeconomics: Production 615 7$aOutput gap 615 7$aPrice Level 615 7$aPrices 615 7$aProduction and Operations Management 615 7$aProduction 615 7$aReal exchange rates 615 7$aReal interest rates 615 7$aShort term interest rates 676 $a339.53091724 700 $aGarcia-Saltos$b Roberto$01374858 701 $aAndrle$b Michal$01197035 701 $aFreedman$b Charles$01139411 701 $aHermawan$b Danny$01815751 701 $aLaxton$b Douglas$01594457 701 $aMunandar$b Haris$0704589 712 02$aInternational Monetary Fund.$bResearch Dept. 801 0$bDcWaIMF 906 $aBOOK 912 $a9910961803103321 996 $aAdding Indonesia to the Global Projection Model$94371259 997 $aUNINA